Countries Closest to Luxembourg - Statistics

General Stats
  • This quiz has been taken 1,114 times
  • The average score is 18 of 20
Answer Stats
km country miles % Correct
0 France 0
100%
0 Germany 0
99%
0 Belgium 0
98%
64 Netherlands 39
97%
227 Switzerland 141
97%
321 Austria 199
96%
366 Italy 228
96%
337 United Kingdom 210
96%
811 Spain 504
94%
555 Denmark 339
93%
602 Poland 374
93%
401 Czechia 249
92%
338 Liechtenstein 210
90%
768 Slovakia 477
90%
767 Hungary 476
89%
630 Slovenia 392
89%
641 Monaco 398
87%
766 San Marino 476
84%
732 Sweden 455
84%
694 Croatia 431
82%
No matching quizzes found
Score Distribution
Percent of People with Each Score
Percentile by Number Answered
Your Score History
You have not taken this quiz